Yo, parapléjico
Spremljeno u:
| Glavni autor: | |
|---|---|
| Format: | Knjiga |
| Jezik: | španjolski |
| Izdano: |
Madrid
Instituto Nacional de Servicios Sociales. Ministerio de Trabajo y Seguridad Social
1983
|
| Serija: | Colección Rehabilitación
|
| Teme: | |
| Oznake: |
Dodaj oznaku
Bez oznaka, Budi prvi tko označuje ovaj zapis!
|
MARC
| LEADER | 00000nam a2200000 a 4500 | ||
|---|---|---|---|
| 001 | UCZ8084 | ||
| 003 | CL-VaPUC | ||
| 008 | 960112e19830000SP |||||||||||||||||spa|d | ||
| 082 | 0 | 4 | |a 616.837 |b POR |2 21 |
| 100 | 0 | |a Porqueddu, Giuseppe |e author |9 353216 | |
| 245 | 1 | 0 | |a Yo, parapléjico |
| 300 | |a 247 p | ||
| 942 | |c BK | ||
| 945 | |d 19960112 00:00:00 |a cmena | ||
| 260 | |a Madrid |b Instituto Nacional de Servicios Sociales. Ministerio de Trabajo y Seguridad Social |c 1983 | ||
| 650 | 7 | |a MINUSVALIDOS |2 CL-VaPUC |9 310184 | |
| 650 | 7 | |a INSUFICIENCIAS FISICAS |2 CL-VaPUC |9 351425 | |
| 650 | 0 | |a Educación especial |9 307486 | |
| 650 | 7 | |a DESARROLLO FISIOLOGICO |2 CL-VaPUC |9 312423 | |
| 650 | 0 | |a Prótesis |9 353217 | |
| 650 | 0 | |a Ortopedia |9 341017 | |
| 650 | 7 | |a LESIONES |2 CL-VaPUC |9 341963 | |
| 650 | 0 | |a Calidad de vida |9 322944 | |
| 583 | |a last modification |c 19960112 00:00:00 |k Rodrigo Vera | ||
| 490 | 0 | |a Colección Rehabilitación | |
| 999 | |c 244044 |d 244042 | ||
| 952 | |0 0 |1 0 |4 0 |6 616_837000000000000_POR_1983 |7 0 |8 X |9 257963 |a BIBEDU |b BIBEDU |d 2019-11-19 |i 1616706 |o 616.837 POR 1983 |p 1616706 |r 2023-01-13 |w 2019-11-19 |y BK_X |k EDU | ||